1100 1537 1955 1494 1277 1895 1201 1478 1280 1375 1546 1658 1990 1514 1645 1887 1183 1795 1319 1046 1202 1633 1891 1316 1258 1710 1156 1575 1490 1091 1962 1880 1402 1282 1964 1317 1270 1569 1060 1332 1577 1123 1410 1880 1787 1034 1950 1892 1588 1073 1502 1718 1341 1933 1171 1721 1307 1483 1541 1617 1334 1075 1565 1635 1141 1705 1099 1415 1709 1842 1613 1630 1405 1637 1476 1274 1905 1094 1316 1623 1438 1100 1750 1978 1864 1340 1381 1397 1082 1733 1289 1370 1356 1664 1193 1130 1614 1169 1747 BCNSPRNW ULIB Ver.6.0+V

เปลี่ยนเป็นภาษาไทย

Change to English
 แสดงรายละเอียดบรรณานุกรม
  กลับหน้าหลัก

Brief Record : Get Marc (ISO 2709) : E-mail record : QR code < ปิดหน้าต่าง
LEADER : 00000nam 2200000uu 4500
001    13399125102
003     ULIB
008    160624s2016||||th 000 0 eng d
020    9780323321907
060  4 QV4^bB974L
100 1  ฺีฺิBurchum, Rosenjack Jacqueline and Rosenthal, Laura D.
245 00 Lehne's Pharmacology for nursing care ^cฺBurchum, Rosenjack Jacqueline and Rosenthal, Laura D.
260    St.Louis, Missouri:^bElsevier,^c2016
300    1414 pp
650  0 Pharmacology-Nurses
650  0 Drug Therapy--Nurses
945    ^p0^l0^i001343
999    ^aเกษร โพธิ์สุวรรณ
รายการนี้ยังไม่มีแท็ก
คุณยังไม่ได้ล็อกอิน คุณสามารถมีกิจกรรมร่วมกับเว็บไซต์ได้ แต่ต้องล็อกอินก่อน ::
  ล็อกอิน

รายการสื่อสารสนเทศ

ลำดับที่ ประเภท เลขเรียก/บาร์โค้ด สถานที่ สถานะ
1. วิทยาศาสตร์การแพทย์ และสุขภาพ
วิทยาศาสตร์การแพทย์ และสุขภาพ
QV4 B974L ฉ.1 
  Barcode: 001343
ห้องสมุดวิทยาเขตสวรรค์ประชารักษ์
►หนังสือทั่วไป
บนชั้น

BibComment


ยังไม่เคยถูกคอมเมนท์

คอมเมนท์ทรัพยากรรายการนี้
  คอมเมนท์: Lehnes Pharmacolo..


 Copyright 2026. Bcnsprnw @Library